000 00682cam a22002413a 4500
001 26877
003 PGUSA
005 20140828083559.0
008 081011s2008||||xxu|||||s|||||000 1 eng d
040 _aPGUSA
_beng
042 _adc
050 4 _aPL
100 1 _aYuanhuyanshuisanren,
_d17th/18th cent.
245 1 0 _a珍珠舶
_h[electronic resource] /
_cYuanhuyanshuisanren
260 _bProject Gutenberg,
_c2008
506 _aPublic domain in the USA.
516 _aElectronic text
653 _aChinese fiction -- Qing dynasty, 1644-1912
740 0 _aZhen Zhu Bo
830 0 _aProject Gutenberg
_v26877
856 4 0 _uhttp://www.gutenberg.org/ebooks/26877
942 _cEB
999 _c256132
_d256132